Alfabeto internazionale della NATO - Statistics

Statistiche generali
  • Questo quiz è stato fatto 274 volte
  • Il punteggio medio è 18 su 26
Statistiche sulle risposte
Alfabeto % Corretto
A Alfa
98%
C Charlie
90%
B Bravo
87%
D Delta
87%
H Hotel
77%
I India
77%
F Foxtrot
75%
E Echo
72%
G Golf
69%
L Lima
69%
Z Zulu
68%
K Kilo
67%
O Oscar
66%
R Romeo
66%
T Tango
66%
S Sierra
64%
P Papa
63%
Q Quebec
63%
X X-ray
63%
N November
61%
J Juliett
60%
M Mike
58%
Y Yankee
58%
U Uniform
55%
V Victor
51%
W Whyskey
47%
Nessun quiz corrispondente trovato
Distribuzione punteggi
Percentuale di utenti per punteggio
Percentile per numero di risposta
I tuoi punteggi nel tempo
Non hai fatto questo quiz